000 00645nam a2200229Ia 4500
003 OSt
005 20220916111027.0
006 a|||||r|||| 00| 0
007 ta
008 220915b |||||||| |||| 00| 0 eng d
024 _a123070
037 _cTextbook
040 _beng
_aARTS
_cARTS
041 _aeng
082 _aV6:1aN3, H2 (906)
100 _aSmith Edwin W ed
245 0 _aEvents ion African history : a supplement to the atlantic Chanrter and Africa from an American standpoint
260 _c1942
650 _aHISTORY
942 _hV6:1aN3, H2 (906)
_cTB
_2CC
999 _c103769
_d103769